| 000 | 00439nam a22001097a 4500 | ||
|---|---|---|---|
| 008 | 230629b xxu||||| |||| 00| 0 eng d | ||
| 082 |
_a338.91 _b COM 1990 |
||
| 245 |
_aCommon Index and Glossary to the Brandt, Palme and Brundtland _bReports of the Independent Commisions on International Development, Diasarmament and Security, and Environment and Development |
||
| 260 |
_bCommonwealth Secretariat _c1990 |
||
| 300 | _a146p | ||
| 942 |
_2ddc _cBK |
||
| 999 |
_c3033 _d3033 |
||